[Event "Gibtelecom Masters 2005"]
[Site "Gibraltar ENG"]
[Date "2005.01.31"]
[Round "7.21"]
[White "Howell, David"]
[Black "Radziewicz, Iweta"]
[Result "0-1"]
[WhiteElo "2348"]
[BlackElo "2459"]
[PlyCount "58"]
[EventDate "2005.01.26"]
[EventType "swiss"]
[EventRounds "10"]
[EventCountry "ENG"]
[Source "lmi"]
[SourceDate "2005.02.03"]

1. e4 g6 2. d4 Bg7 3. Nc3 c5 4. Be3 cxd4 5. Bxd4 Nf6 6. Nd5 O-O 7. Nxf6+ exf6
8. Qf3 Nc6 9. Bc3 Rb8 10. Bb5 Re8 11. Ne2 a6 12. Bxc6 dxc6 13. O-O Qe7 14. Rfe1
Be6 15. Nf4 Rbd8 16. a4 b6 17. Nxe6 Qxe6 18. g4 c5 19. Rad1 Rxd1 20. Qxd1 b5
21. axb5 axb5 22. b3 b4 23. Bb2 Bh6 24. Qf3 Bg5 25. Qg3 c4 26. h4 Bd2 27. Rd1
c3 28. Bc1 Qxe4 29. Bxd2 cxd2 0-1

[Event "Gibtelecom Masters 2005"]
[Site "Gibraltar ENG"]
[Date "2005.01.31"]
[Round "7.22"]
[White "Skripchenko, Almira"]
[Black "Hennigan, Michael"]
[Result "1/2-1/2"]
[WhiteElo "2459"]
[BlackElo "2408"]
[PlyCount "181"]
[EventDate "2005.01.26"]
[EventType "swiss"]
[EventRounds "10"]
[EventCountry "ENG"]
[Source "lmi"]
[SourceDate "2005.02.03"]

1. e4 c5 2. Nf3 Nc6 3. Bb5 e6 4. O-O Nge7 5. b3 a6 6. Bxc6 Nxc6 7. Bb2 d6 8. d4
cxd4 9. Nxd4 Bd7 10. Re1 b5 11. Nc3 Ne5 12. Nce2 Qh4 13. Ng3 h5 14. Nf3 Qf6 15.
Nxe5 dxe5 16. Nf1 Bc5 17. Qe2 Bc6 18. Nd2 Bd4 19. c3 Bb6 20. Nf3 O-O 21. Ba3
Rfd8 22. Bc1 Rdc8 23. h4 Bc7 24. Bb2 Qg6 25. Rac1 f6 26. c4 b4 27. Qe3 a5 28.
a3 Rab8 29. axb4 Rxb4 30. Nd2 Rd8 31. Ba3 Rbb8 32. Bc5 Rd7 33. f3 Rbd8 34. Re2
Qg3 35. Nf1 Qxh4 36. Bb6 Qf4 37. Bxc7 Qxe3+ 38. Rxe3 Rxc7 39. Ra1 Ra8 40. Re2
Rb7 41. Ra3 a4 42. bxa4 Rxa4 43. Rxa4 Bxa4 44. Ne3 Kf7 45. Kf2 Ke7 46. Rc2 Bd7
47. Ra2 h4 48. g3 hxg3+ 49. Kxg3 Kd6 50. Ra5 Kc6 51. Ra2 Kc5 52. Rd2 Ra7 53.
Kf2 Rb7 54. Kg3 Bc6 55. Rd8 Rb3 56. Kf2 f5 57. Rg8 Rb2+ 58. Kg1 Kd4 59. Nf1 Rb7
60. Rc8 Bd7 61. Rg8 Ba4 62. Ra8 Bc6 63. Rc8 Ba4 64. Ra8 Bb3 65. Rd8+ Kc3 66.
exf5 exf5 67. Ne3 f4 68. Ng4 Re7 69. c5 Rc7 70. Nxe5 Rxc5 71. Nd3 Rf5 72. Nf2
Bd5 73. Ne4+ Kd4 74. Kf2 Re5 75. Rd7 g5 76. Nf6 Kc4 77. Rc7+ Kd4 78. Rd7 Kc5
79. Rg7 Rf5 80. Nh7 Kd4 81. Nxg5 Rf8 82. Rd7 Ke5 83. Re7+ Kf5 84. Rd7 Bg8 85.
Ne4 Ra8 86. Rd2 Ke5 87. Rb2 Ra3 88. Rd2 Bd5 89. Rb2 Rd3 90. Rb8 Ra3 91. Rb2
1/2-1/2

[Event "Gibtelecom Masters 2005"]
[Site "Gibraltar ENG"]
[Date "2005.01.31"]
[Round "7.23"]
[White "Orr, Mark JL"]
[Black "Kristjansson, Stefan"]
[Result "0-1"]
[WhiteElo "2324"]
[BlackElo "2438"]
[PlyCount "78"]
[EventDate "2005.01.26"]
[EventType "swiss"]
[EventRounds "10"]
[EventCountry "ENG"]
[Source "lmi"]
[SourceDate "2005.02.03"]

1. d4 Nf6 2. Bg5 e6 3. e4 h6 4. Bxf6 Qxf6 5. c3 d6 6. Bd3 Qg5 7. g3 e5 8. Nd2
g6 9. Ne2 Bg7 10. Qb3 O-O 11. O-O-O Nc6 12. f4 Qe7 13. d5 Nb8 14. f5 Nd7 15. g4
a5 16. h4 Nc5 17. Qc2 c6 18. c4 b5 19. dxc6 b4 20. Nb3 Bf6 21. Nxc5 dxc5 22. g5
hxg5 23. h5 gxf5 24. exf5 e4 25. Bxe4 Re8 26. Ng3 Qc7 27. Rhg1 a4 28. Rd7 Qf4+
29. Qd2 a3 30. b3 Qe5 31. Qc2 Qa1+ 32. Qb1 Qc3+ 33. Kd1 Bxd7 34. cxd7 Rad8 35.
Ne2 Rxd7+ 36. Bd5 Qf3 37. Qc2 Re3 38. Ke1 Bc3+ 39. Kd1 Qf2 0-1

[Event "Gibtelecom Masters 2005"]
[Site "Gibraltar ENG"]
[Date "2005.01.31"]
[Round "7.24"]
[White "Thorfinnsson, Bragi"]
[Black "Hassan, Abdullah"]
[Result "1/2-1/2"]
[WhiteElo "2435"]
[BlackElo "2357"]
[PlyCount "111"]
[EventDate "2005.01.26"]
[EventType "swiss"]
[EventRounds "10"]
[EventCountry "ENG"]
[Source "lmi"]
[SourceDate "2005.02.03"]

1. d4 e6 2. c4 b6 3. Nc3 Bb7 4. Nf3 Bb4 5. Qc2 Nf6 6. Bg5 h6 7. Bh4 g5 8. Bg3
Ne4 9. e3 f5 10. Bd3 g4 11. Nh4 Rg8 12. O-O Be7 13. Nxe4 Bxh4 14. Nc3 Bxg3 15.
fxg3 Nc6 16. Bxf5 exf5 17. Qxf5 Qg5 18. Qf7+ Kd8 19. Nd5 Kc8 20. Ne7+ Qxe7 21.
Qxg8+ Nd8 22. d5 Ba6 23. b3 b5 24. Rf8 bxc4 25. Raf1 c3 26. d6 Qxe3+ 27. Kh1
Kb7 28. Rxd8 Rxd8 29. Qxd8 Bxf1 30. dxc7 Bxg2+ 31. Kxg2 Qe4+ 32. Kf2 Qf3+ 33.
Kg1 Qe3+ 34. Kf1 Qd3+ 35. Kf2 Qd4+ 36. Ke2 Qe4+ 37. Kf2 Qf3+ 38. Kg1 Qd1+ 39.
Kf2 Qd2+ 40. Kf1 Qc1+ 41. Ke2 Qd2+ 42. Kf1 Qd3+ 43. Kf2 Qd4+ 44. Ke2 Qe4+ 45.
Kf2 Qc2+ 46. Ke3 Qd2+ 47. Ke4 Qe2+ 48. Kd4 Qd2+ 49. Kc4 Qe2+ 50. Kxc3 Qe3+ 51.
Kc4 Qe4+ 52. Kc5 Qe5+ 53. Kb4 Qd4+ 54. Ka3 Qc5+ 55. Ka4 Qd4+ 56. Ka3 1/2-1/2

[Event "Gibtelecom Masters 2005"]
[Site "Gibraltar ENG"]
[Date "2005.01.31"]
[Round "7.25"]
[White "Tissir, Mohamed"]
[Black "Calzetta Ruiz, Monica"]
[Result "1-0"]
[WhiteElo "2426"]
[BlackElo "2281"]
[PlyCount "63"]
[EventDate "2005.01.26"]
[EventType "swiss"]
[EventRounds "10"]
[EventCountry "ENG"]
[Source "lmi"]
[SourceDate "2005.02.03"]

1. e4 c5 2. Nc3 d6 3. f4 g6 4. Nf3 Bg7 5. Bc4 Nc6 6. O-O Nf6 7. d3 O-O 8. Qe1
Nd4 9. Nxd4 cxd4 10. Nd5 Nxd5 11. Bxd5 e6 12. Bb3 d5 13. exd5 exd5 14. Qg3 a5
15. a4 Ra6 16. Bd2 Rc6 17. Rae1 b6 18. Qf3 Be6 19. g4 Qh4 20. f5 Bc8 21. Re2 h5
22. h3 Kh8 23. Rg2 Re8 24. Bxd5 Rxc2 25. Bxf7 Rd8 26. Bxg6 Bf6 27. Be1 Rxg2+
28. Qxg2 Qg5 29. Bd2 Qh4 30. g5 Rd7 31. gxf6 Bb7 32. Qg5 1-0

[Event "Gibtelecom Masters 2005"]
[Site "Gibraltar ENG"]
[Date "2005.01.31"]
[Round "7.26"]
[White "Rendle, Thomas"]
[Black "Black, Richard"]
[Result "1-0"]
[WhiteElo "2370"]
[BlackElo "2235"]
[PlyCount "53"]
[EventDate "2005.01.26"]
[EventType "swiss"]
[EventRounds "10"]
[EventCountry "ENG"]
[Source "lmi"]
[SourceDate "2005.02.03"]

1. e4 g6 2. d4 Bg7 3. Nc3 d6 4. Be3 a6 5. h4 h5 6. Nf3 b5 7. Qd2 Nd7 8. Ng5 Bb7
9. a4 c6 10. f4 e6 11. f5 gxf5 12. exf5 Qe7 13. fxe6 fxe6 14. axb5 cxb5 15. Bd3
O-O-O 16. O-O Ngf6 17. d5 exd5 18. Bf5 Bh6 19. Nxb5 Ne4 20. Bxe4 axb5 21. Rf7
Qe5 22. Bd4 Qg3 23. Rf3 Qxh4 24. Qc3+ Nc5 25. Bxc5 Bxg5 26. Bxd6+ Kd7 27. Qc7+
1-0

[Event "Gibtelecom Masters 2005"]
[Site "Gibraltar ENG"]
[Date "2005.01.31"]
[Round "7.27"]
[White "Van den Bersselaar, Jeroen"]
[Black "Hebden, Mark"]
[Result "1/2-1/2"]
[WhiteElo "2211"]
[BlackElo "2521"]
[PlyCount "110"]
[EventDate "2005.01.26"]
[EventType "swiss"]
[EventRounds "10"]
[EventCountry "ENG"]
[Source "lmi"]
[SourceDate "2005.02.03"]

1. d4 Nf6 2. c4 g6 3. Nc3 Bg7 4. e4 d6 5. Nge2 a6 6. Ng3 c6 7. Be2 b5 8. O-O
Nbd7 9. Be3 O-O 10. c5 dxc5 11. dxc5 e5 12. a4 b4 13. Na2 a5 14. Nc1 h5 15. f3
h4 16. Nh1 Nh5 17. g3 hxg3 18. hxg3 Qe7 19. Qd6 Qxd6 20. cxd6 Rd8 21. Nb3 Bf8
22. Rfd1 Ba6 23. Kf1 Ng7 24. Rac1 Bxe2+ 25. Kxe2 Ra6 26. Nf2 Ne6 27. f4 c5 28.
fxe5 Nxe5 29. Nxc5 Nxc5 30. Rxc5 f6 31. b3 Bxd6 32. Rcd5 Nf7 33. Bf4 Kf8 34.
Ng4 Be7 35. Ne3 Rxd5 36. Rxd5 Bd8 37. Nc4 Ke7 38. Rb5 Ke6 39. Rb7 g5 40. Bc7
Bxc7 41. Rxc7 Ne5 42. Nxe5 Kxe5 43. Ke3 Kd6 44. Rf7 Ke6 45. Rc7 Rd6 46. Rc5 Rd1
47. Rxa5 Rb1 48. Ra6+ Kf7 49. Ra7+ Kg6 50. g4 Rxb3+ 51. Kf2 Rb2+ 52. Kf3 b3 53.
Rb7 Rb1 54. a5 b2 55. Kg2 Ra1 1/2-1/2

[Event "Gibtelecom Masters 2005"]
[Site "Gibraltar ENG"]
[Date "2005.01.31"]
[Round "7.28"]
[White "Patterson, Roger"]
[Black "Bellon Lopez, Juan Manuel"]
[Result "0-1"]
[WhiteElo "2195"]
[BlackElo "2428"]
[PlyCount "60"]
[EventDate "2005.01.26"]
[EventType "swiss"]
[EventRounds "10"]
[EventCountry "ENG"]
[Source "lmi"]
[SourceDate "2005.02.03"]

1. e4 c5 2. Nf3 e6 3. d4 cxd4 4. Nxd4 Nc6 5. Nc3 Qc7 6. Be2 a6 7. O-O b5 8.
Nxc6 dxc6 9. f4 Bb7 10. Bf3 c5 11. e5 Rd8 12. Qe2 Ne7 13. Bxb7 Qxb7 14. Ne4 Nf5
15. g4 Rd4 16. Ng5 h6 17. Nxe6 fxe6 18. gxf5 exf5 19. Be3 Re4 20. Rad1 h5 21.
Qg2 Qf7 22. Qd2 Qc7 23. Rf3 Rh6 24. Qd5 Qc8 25. Kf1 Re6 26. Rd2 Be7 27. Rg2 g6
28. Rfg3 Qc6 29. Qxc6+ Rxc6 30. Kf2 Bh4 0-1

[Event "Gibtelecom Masters 2005"]
[Site "Gibraltar ENG"]
[Date "2005.01.31"]
[Round "7.29"]
[White "Belezky, Sasha"]
[Black "Osuna Vega, Enrique"]
[Result "1/2-1/2"]
[WhiteElo "2399"]
[BlackElo "2173"]
[PlyCount "68"]
[EventDate "2005.01.26"]
[EventType "swiss"]
[EventRounds "10"]
[EventCountry "ENG"]
[Source "lmi"]
[SourceDate "2005.02.03"]

1. Nf3 g6 2. d4 Bg7 3. Nbd2 d5 4. e3 c5 5. c3 cxd4 6. exd4 Nh6 7. Bd3 Bf5 8.
Nf1 Bxd3 9. Qxd3 Nf5 10. Ne3 Nxe3 11. Bxe3 Qb6 12. O-O Qa6 13. Qd2 Nd7 14. Bh6
O-O 15. Rfe1 Rfe8 16. Qg5 Bxh6 17. Qxh6 Qf6 18. Ne5 Nxe5 19. dxe5 Qg7 20. Qxg7+
Kxg7 21. e6 Rad8 22. exf7 Kxf7 23. Re5 e6 24. Rd1 Rc8 25. Rd4 b5 26. f4 Rc5 27.
Kf2 Rec8 28. Re2 a5 29. Ke3 Rc4 30. Red2 a4 31. a3 Ke7 32. g3 Kd6 33. Kf3 Rf8
34. Kg4 Rf5 1/2-1/2

[Event "Gibtelecom Masters 2005"]
[Site "Gibraltar ENG"]
[Date "2005.01.31"]
[Round "7.30"]
[White "Walton, Alan J"]
[Black "Dworakowska, Joanna"]
[Result "0-1"]
[WhiteElo "2181"]
[BlackElo "2395"]
[PlyCount "64"]
[EventDate "2005.01.26"]
[EventType "swiss"]
[EventRounds "10"]
[EventCountry "ENG"]
[Source "lmi"]
[SourceDate "2005.02.03"]

1. d4 f5 2. Bg5 g6 3. Nd2 Bg7 4. e3 Nf6 5. h4 h6 6. Bxf6 Bxf6 7. h5 g5 8. Bd3
d6 9. c3 e5 10. g4 fxg4 11. Bg6+ Kf8 12. Qc2 Nc6 13. O-O-O Ne7 14. dxe5 Bxe5
15. f4 gxf4 16. exf4 Nxg6 17. Qxg6 Bg7 18. Re1 Bd7 19. Rh2 Qf6 20. f5 Re8 21.
Rxe8+ Bxe8 22. Qxg4 Qg5 23. Qd1 Bf7 24. Qf1 Be5 25. Rg2 Qxh5 26. Qb5 Rg8 27.
Rxg8+ Kxg8 28. Qd7 Bf4 29. Qd8+ Kg7 30. f6+ Kg6 31. Qh8 Bxd2+ 32. Kxd2 Qg5+ 0-1

[Event "Gibtelecom Masters 2005"]
[Site "Gibraltar ENG"]
[Date "2005.01.31"]
[Round "7.31"]
[White "Flores Chico, Jorge"]
[Black "Mortazavi, Ali"]
[Result "0-1"]
[WhiteElo "2125"]
[BlackElo "2371"]
[PlyCount "66"]
[EventDate "2005.01.26"]
[EventType "swiss"]
[EventRounds "10"]
[EventCountry "ENG"]
[Source "lmi"]
[SourceDate "2005.02.03"]

1. e3 Nf6 2. Nf3 c5 3. b3 e6 4. Bb2 Be7 5. Be2 O-O 6. O-O b6 7. Ne5 d5 8. f4
Bb7 9. d4 Ne4 10. Nd2 cxd4 11. exd4 Nd7 12. Nxe4 dxe4 13. c4 f5 14. Qd2 Nxe5
15. fxe5 Bg5 16. Qe1 Be3+ 17. Kh1 Qg5 18. Rd1 Rad8 19. d5 f4 20. Ba3 exd5 21.
Bxf8 d4 22. Bd6 d3 23. h4 Qf5 24. Bxd3 exd3 25. Qxe3 Bxg2+ 26. Kg1 Bxf1 27. Qf3
Be2 28. Qd5+ Kh8 29. Rd2 Qh3 30. Qg2 Qe3+ 31. Kh2 Qxd2 32. e6 Qe3 33. e7 Re8
0-1

[Event "Gibtelecom Masters 2005"]
[Site "Gibraltar ENG"]
[Date "2005.01.31"]
[Round "7.32"]
[White "Thorfinnsson, Bjorn"]
[Black "De Andres Gonalons, Fernando"]
[Result "1-0"]
[WhiteElo "2356"]
[BlackElo "2115"]
[PlyCount "49"]
[EventDate "2005.01.26"]
[EventType "swiss"]
[EventRounds "10"]
[EventCountry "ENG"]
[Source "lmi"]
[SourceDate "2005.02.03"]

1. d4 d5 2. c4 dxc4 3. e4 c5 4. d5 Nf6 5. Nc3 e6 6. Bf4 exd5 7. exd5 Bd6 8.
Qe2+ Kf8 9. Qxc4 a6 10. b4 Bxf4 11. Qxf4 Qe7+ 12. Be2 cxb4 13. d6 Qe8 14. Qxb4
Nc6 15. Qc4 Bd7 16. Nf3 Ne4 17. Qd3 Nxc3 18. Qxc3 Qe6 19. Qd2 Re8 20. Rb1 Na5
21. O-O Qxe2 22. Qxa5 Qe4 23. Rfe1 Qc6 24. Ne5 Qc8 25. Rbc1 1-0

[Event "Gibtelecom Masters 2005"]
[Site "Gibraltar ENG"]
[Date "2005.01.31"]
[Round "7.33"]
[White "Mohamed, Mehdi Aithmido"]
[Black "Nezad, Husein Aziz"]
[Result "1/2-1/2"]
[WhiteElo "2122"]
[BlackElo "2349"]
[PlyCount "68"]
[EventDate "2005.01.26"]
[EventType "swiss"]
[EventRounds "10"]
[EventCountry "ENG"]
[Source "lmi"]
[SourceDate "2005.02.03"]

1. e4 c6 2. d4 d5 3. Nc3 dxe4 4. Nxe4 Bf5 5. Ng3 Bg6 6. Nf3 Nd7 7. h4 h6 8. h5
Bh7 9. Bd3 Bxd3 10. Qxd3 e6 11. Bd2 Ngf6 12. O-O-O Be7 13. Ne4 Nxe4 14. Qxe4
Nf6 15. Qe2 Qd5 16. c4 Qe4 17. Qxe4 Nxe4 18. Be3 O-O 19. g4 Rfd8 20. Rhg1 c5
21. dxc5 Bxc5 22. Kc2 Rdc8 23. Nd4 e5 24. Nf5 Nxf2 25. Rd7 b5 26. b3 Bxe3 27.
Nxe3 bxc4 28. Rf1 cxb3+ 29. Kb2 Ne4 30. Rfxf7 Nf6 31. Rxg7+ Kh8 32. Rdf7 Rf8
33. Re7 Rg8 34. Rgf7 Rgf8 1/2-1/2

[Event "Gibtelecom Masters 2005"]
[Site "Gibraltar ENG"]
[Date "2005.01.31"]
[Round "7.34"]
[White "Quillan, Gary"]
[Black "White, Kevin"]
[Result "1-0"]
[WhiteElo "2322"]
[BlackElo "2035"]
[PlyCount "89"]
[EventDate "2005.01.26"]
[EventType "swiss"]
[EventRounds "10"]
[EventCountry "ENG"]
[Source "lmi"]
[SourceDate "2005.02.03"]

1. e4 d5 2. exd5 Qxd5 3. Nc3 Qa5 4. d4 Nf6 5. Nf3 Bf5 6. Ne5 c6 7. Bc4 e6 8.
Qe2 Bb4 9. Bd2 Nbd7 10. a3 Nxe5 11. dxe5 Nd5 12. Bxd5 Bxc3 13. Bxc6+ bxc6 14.
Bxc3 Qd5 15. O-O O-O 16. Rad1 Qe4 17. Qxe4 Bxe4 18. Rd2 Rfd8 19. Rfd1 Rxd2 20.
Rxd2 Kf8 21. f3 Bg6 22. Bb4+ Ke8 23. c3 Bb1 24. Bc5 a5 25. Rd6 Ra6 26. b4 axb4
27. axb4 Ba2 28. b5 Ra5 29. Rxc6 Rxb5 30. Bd6 Rb7 31. Rc8+ Kd7 32. Rg8 f5 33.
Rxg7+ Kc6 34. Rxb7 Kxb7 35. Kf2 Kc6 36. Ke3 Kd5 37. Kf4 Bc4 38. Kg5 Bf1 39. g3
Be2 40. Kh6 Bxf3 41. Kxh7 Bh5 42. Kh6 Be8 43. Kg5 Ke4 44. Kf6 Bd7 45. h4 1-0

[Event "Gibtelecom Masters 2005"]
[Site "Gibraltar ENG"]
[Date "2005.01.31"]
[Round "7.36"]
[White "Vinas Guerrero, Carlos A"]
[Black "Tolhuizen, Ludo"]
[Result "1-0"]
[WhiteElo "2096"]
[BlackElo "2288"]
[PlyCount "38"]
[EventDate "2005.01.26"]
[EventType "swiss"]
[EventRounds "10"]
[EventCountry "ENG"]
[Source "lmi"]
[SourceDate "2005.02.03"]

1. e4 d5 2. exd5 Qxd5 3. Nf3 Bg4 4. Be2 Nc6 5. O-O O-O-O 6. h3 Bxf3 7. Bxf3 Qd7
8. c3 Ne5 9. d4 Nxf3+ 10. Qxf3 Nf6 11. Bf4 e6 12. Nd2 Qd5 13. Rfd1 Bd6 14. Qxd5
Nxd5 15. Bxd6 cxd6 16. g3 Ne7 17. Nc4 d5 18. Ne5 Rhf8 19. Re1 Ng6 1-0

[Event "Gibtelecom Masters 2005"]
[Site "Gibraltar ENG"]
[Date "2005.01.31"]
[Round "7.37"]
[White "Mitchell, Martin"]
[Black "Van Eijk, Sander"]
[Result "1-0"]
[WhiteElo "2147"]
[BlackElo "2216"]
[PlyCount "59"]
[EventDate "2005.01.26"]
[EventType "swiss"]
[EventRounds "10"]
[EventCountry "ENG"]
[Source "lmi"]
[SourceDate "2005.02.03"]

1. d4 Nf6 2. c4 g6 3. Nc3 d5 4. cxd5 Nxd5 5. e4 Nxc3 6. bxc3 Bg7 7. Nf3 c5 8.
Rb1 O-O 9. Be2 Nc6 10. d5 Ne5 11. Nxe5 Bxe5 12. Qd2 Bg7 13. O-O f5 14. exf5
Rxf5 15. c4 Bd4 16. Bg4 Rxf2 17. Rxf2 Bxg4 18. Bb2 Bxf2+ 19. Qxf2 Bf5 20. Rf1
h5 21. Qe3 Kf7 22. Qe5 Rc8 23. Qg7+ Ke8 24. Re1 Qd6 25. Be5 Qd8 26. d6 Kd7 27.
Bg3 Be6 28. Qe5 Qg8 29. dxe7 Rc6 30. Rd1+ 1-0

[Event "Gibtelecom Masters 2005"]
[Site "Gibraltar ENG"]
[Date "2005.01.31"]
[Round "7.38"]
[White "Fraser Mitchell, Jeremy M"]
[Black "Weeramantry, Sunil"]
[Result "1-0"]
[WhiteElo "2092"]
[BlackElo "2258"]
[PlyCount "91"]
[EventDate "2005.01.26"]
[EventType "swiss"]
[EventRounds "10"]
[EventCountry "ENG"]
[Source "lmi"]
[SourceDate "2005.02.03"]

1. d4 g6 2. e4 Bg7 3. c4 d6 4. Nc3 Nf6 5. f3 O-O 6. Bg5 Nbd7 7. Qd2 c5 8. d5 a6
9. Nh3 Rb8 10. Nf2 Re8 11. Be2 Nf8 12. O-O e5 13. a3 Qc7 14. b4 N6d7 15. Rfc1
f6 16. Be3 f5 17. Nd3 f4 18. Bf2 b6 19. Rcb1 Ra8 20. Rb2 g5 21. Rab1 Ng6 22. a4
Bf8 23. a5 bxa5 24. bxc5 dxc5 25. Na4 Bd6 26. Be1 g4 27. Qxa5 Qxa5 28. Bxa5
gxf3 29. Bxf3 Nh4 30. Nb6 Nxb6 31. Bxb6 Nxf3+ 32. gxf3 Bh3 33. Bxc5 Bxc5+ 34.
Nxc5 Rac8 35. Nb7 Rc7 36. c5 Kh8 37. Kf2 Rg7 38. Ke2 Rb8 39. c6 Bc8 40. Kd3 Rc7
41. Na5 Rb5 42. Rxb5 axb5 43. Kc3 Kg7 44. d6 Ra7 45. Kb4 Kf6 46. Rd1 1-0

[Event "Gibtelecom Masters 2005"]
[Site "Gibraltar ENG"]
[Date "2005.01.31"]
[Round "7.39"]
[White "Coimbra, Margarida"]
[Black "Jaime Montalvan, Luis Felipe"]
[Result "0-1"]
[WhiteElo "2081"]
[BlackElo "2244"]
[PlyCount "58"]
[EventDate "2005.01.26"]
[EventType "swiss"]
[EventRounds "10"]
[EventCountry "ENG"]
[Source "lmi"]
[SourceDate "2005.02.03"]

1. e4 c5 2. Nc3 Nc6 3. g3 g6 4. Bg2 Bg7 5. d3 d6 6. Be3 e6 7. Qd2 Rb8 8. Nge2
Nd4 9. O-O Ne7 10. Rab1 O-O 11. b4 Bd7 12. f4 b6 13. g4 f5 14. h3 Qc7 15. b5
Nxe2+ 16. Nxe2 d5 17. c4 Rbd8 18. exd5 exd5 19. g5 dxc4 20. dxc4 Bxb5 21. Qc2
Bc6 22. Nc3 Bxg2 23. Kxg2 Qc6+ 24. Kh2 h6 25. Rbe1 Rd7 26. gxh6 Bxh6 27. Re2
Rfd8 28. Rfe1 Qf3 29. Rf2 Rd2 0-1

[Event "Gibtelecom Masters 2005"]
[Site "Gibraltar ENG"]
[Date "2005.01.31"]
[Round "7.40"]
[White "Mohamed, Hossein Abdul"]
[Black "Arsenault, Nicolas"]
[Result "1/2-1/2"]
[WhiteElo "2233"]
[BlackElo "2138"]
[PlyCount "44"]
[EventDate "2005.01.26"]
[EventType "swiss"]
[EventRounds "10"]
[EventCountry "ENG"]
[Source "lmi"]
[SourceDate "2005.02.03"]

1. Nf3 Nf6 2. g3 g6 3. b3 Bg7 4. Bb2 O-O 5. Bg2 d6 6. d4 c6 7. O-O Nbd7 8. c4
Ne4 9. Nfd2 Nxd2 10. Qxd2 e5 11. Rd1 Re8 12. e4 a5 13. dxe5 dxe5 14. Bh3 Qc7
15. Nc3 Nc5 16. Bxc8 Raxc8 17. Qd6 Qxd6 18. Rxd6 Bf8 19. Rd2 Bh6 20. Rd6 Bf8
21. Rd2 Bh6 22. Rd6 Bf8 1/2-1/2

[Event "Gibtelecom Masters 2005"]
[Site "Gibraltar ENG"]
[Date "2005.01.31"]
[Round "7.41"]
[White "Fossum, Oystein Boyum"]
[Black "Obers, Frits"]
[Result "1-0"]
[WhiteElo "2214"]
[BlackElo "2084"]
[PlyCount "37"]
[EventDate "2005.01.26"]
[EventType "swiss"]
[EventRounds "10"]
[EventCountry "ENG"]
[Source "lmi"]
[SourceDate "2005.02.03"]

1. c4 c6 2. Nf3 d5 3. b3 Nf6 4. Bb2 Bf5 5. g3 e6 6. Bg2 Nbd7 7. O-O Be7 8. d3
O-O 9. Nbd2 h6 10. Re1 Bh7 11. Qc2 a5 12. a3 Qb6 13. Bc3 Bc5 14. e3 Rfe8 15.
Bf1 Be7 16. Qb2 Nc5 17. Ne5 Rad8 18. Bd4 dxc4 19. b4 1-0

[Event "Gibtelecom Masters 2005"]
[Site "Gibraltar ENG"]
[Date "2005.01.31"]
[Round "7.42"]
[White "Heyl, Thomas"]
[Black "Cazelais, Marc"]
[Result "0-1"]
[WhiteElo "2070"]
[BlackElo "2201"]
[PlyCount "126"]
[EventDate "2005.01.26"]
[EventType "swiss"]
[EventRounds "10"]
[EventCountry "ENG"]
[Source "lmi"]
[SourceDate "2005.02.03"]

1. d4 g6 2. Nf3 Bg7 3. e4 c6 4. Bd3 d5 5. e5 f6 6. c3 Bg4 7. exf6 Nxf6 8. O-O
O-O 9. Nbd2 Nh5 10. Qc2 Nf4 11. Ne5 Bxe5 12. dxe5 Nd7 13. Re1 Qb6 14. Nf3 Nxd3
15. Qxd3 Bxf3 16. gxf3 Nc5 17. Qd4 Ne6 18. Qg4 Rf5 19. h4 c5 20. Kg2 Raf8 21.
Bh6 R8f7 22. Re2 Qc6 23. Rh1 Rh5 24. Bc1 Rff5 25. Rh3 Qa6 26. Re1 Qxa2 27. Rg3
Kf7 28. f4 Qa4 29. Rf3 Qc6 30. Kg3 b5 31. Rd3 a5 32. Qf3 Nc7 33. Red1 e6 34.
Be3 Na6 35. Ra1 a4 36. Qd1 Qc8 37. Qe2 Kg7 38. Rdd1 c4 39. Qg4 Nb8 40. Rg1 Kf7
41. Qd1 Nc6 42. Rh1 Ke8 43. Qb1 Rf7 44. Qa2 Ne7 45. Qa3 Nf5+ 46. Kg4 Rb7 47.
Qc5 Qd7 48. Rh2 Kf7 49. Bd4 Kg7 50. Rh3 Qf7 51. Qc6 Nxd4 52. cxd4 Qf5+ 53. Kg3
Rf7 54. f3 Qxf4+ 55. Kg2 Qd2+ 56. Kh1 Qxb2 57. Rg1 Qxd4 58. Qxe6 Qxe5 59. Qg4
a3 60. Rh2 b4 61. Rf2 b3 62. f4 Qf5 63. Qg3 a2 0-1

[Event "Gibtelecom Masters 2005"]
[Site "Gibraltar ENG"]
[Date "2005.01.31"]
[Round "7.43"]
[White "Bryn, Askild"]
[Black "Saud, Mohamed"]
[Result "1/2-1/2"]
[WhiteElo "2009"]
[BlackElo "2198"]
[PlyCount "49"]
[EventDate "2005.01.26"]
[EventType "swiss"]
[EventRounds "10"]
[EventCountry "ENG"]
[Source "lmi"]
[SourceDate "2005.02.03"]

1. e4 d5 2. Nc3 d4 3. Nce2 c5 4. d3 e5 5. f4 Nc6 6. Nf3 Bg4 7. Nxe5 Nxe5 8.
fxe5 Qh4+ 9. g3 Qh5 10. Bg2 Ne7 11. h3 Bxe2 12. Qxe2 Qxe2+ 13. Kxe2 Nc6 14. Bf4
g6 15. h4 Bg7 16. e6 fxe6 17. h5 Kd7 18. Raf1 Be5 19. Bh6 Bxg3 20. Rf7+ Kd6 21.
Bg7 Rhd8 22. Rhf1 Ne5 23. Bxe5+ Bxe5 24. Rxh7 gxh5 25. Rxh5 1/2-1/2

[Event "Gibtelecom Masters 2005"]
[Site "Gibraltar ENG"]
[Date "2005.01.31"]
[Round "7.44"]
[White "Nicholson, John"]
[Black "Dunn, Andrew"]
[Result "0-1"]
[WhiteElo "2026"]
[BlackElo "2186"]
[PlyCount "98"]
[EventDate "2005.01.26"]
[EventType "swiss"]
[EventRounds "10"]
[EventCountry "ENG"]
[Source "lmi"]
[SourceDate "2005.02.03"]

1. e4 c6 2. d4 d5 3. exd5 cxd5 4. Bd3 Nc6 5. Nf3 Bg4 6. c3 e6 7. O-O Bd6 8. Re1
Qc7 9. h3 Bh5 10. Nbd2 Nge7 11. b4 a6 12. Bb2 Bg6 13. Nf1 O-O 14. Rc1 Rac8 15.
a3 Rfd8 16. Ne3 Bf4 17. Rc2 Be4 18. Ng4 f5 19. Nge5 Bxe5 20. Nxe5 Nxe5 21. dxe5
Ng6 22. f3 Bxd3 23. Qxd3 Qc4 24. Qxc4 dxc4 25. Kf2 Rd3 26. Bc1 Rcd8 27. f4 Ne7
28. Re3 Rxe3 29. Kxe3 Rd3+ 30. Ke2 Nd5 31. Bd2 Kf7 32. Kf2 Ke7 33. g3 Kd7 34.
Be1 h5 35. Rd2 Rxd2+ 36. Bxd2 Kc6 37. a4 Nb6 38. a5 Nd5 39. Ke2 g6 40. Kd1 Nc7
41. Ke2 b6 42. axb6 Kxb6 43. Kd1 a5 44. bxa5+ Kxa5 45. Be3 Nd5 46. Bd4 h4 47.
Bf2 hxg3 48. Bxg3 Nxc3+ 49. Kc2 Nd5 0-1

[Event "Gibtelecom Masters 2005"]
[Site "Gibraltar ENG"]
[Date "2005.01.31"]
[Round "7.47"]
[White "Ofstad, Per"]
[Black "Cardenas Romo, Alejandro"]
[Result "1-0"]
[WhiteElo "2202"]
[BlackElo "1921"]
[PlyCount "49"]
[EventDate "2005.01.26"]
[EventType "swiss"]
[EventRounds "10"]
[EventCountry "ENG"]
[Source "lmi"]
[SourceDate "2005.02.03"]

1. e4 d5 2. exd5 Qxd5 3. d4 Nc6 4. Nf3 Bg4 5. Be2 O-O-O 6. Be3 Nf6 7. O-O e6 8.
Nbd2 Bd6 9. Re1 Qh5 10. h3 Ne7 11. Ng5 Bxe2 12. Qxe2 Qg6 13. c4 h6 14. Ngf3 Nf5
15. c5 Nxe3 16. Qxe3 Nd5 17. Qa3 Nf4 18. Nh4 Qf6 19. cxd6 Qxh4 20. dxc7 Rxd4
21. Nf3 Qf6 22. Nxd4 Qxd4 23. Rad1 Qf6 24. Qxa7 Qg6 25. Qb8# 1-0

[Event "Gibtelecom Masters 2005"]
[Site "Gibraltar ENG"]
[Date "2005.01.31"]
[Round "7.49"]
[White "Kuenitz, Klaus"]
[Black "Straub, Peter"]
[Result "0-1"]
[WhiteElo "1994"]
[BlackElo "2103"]
[PlyCount "40"]
[EventDate "2005.01.26"]
[EventType "swiss"]
[EventRounds "10"]
[EventCountry "ENG"]
[Source "lmi"]
[SourceDate "2005.02.03"]

1. e4 c5 2. c4 e6 3. Nf3 a6 4. d4 cxd4 5. Nxd4 Bc5 6. Be3 Qb6 7. Qd2 Nc6 8. Nb3
Bxe3 9. fxe3 d6 10. Nc3 Nf6 11. O-O-O O-O 12. Na4 Qc7 13. Qxd6 Qxd6 14. Rxd6
Nxe4 15. c5 Nxd6 16. cxd6 Rd8 17. Nb6 Rb8 18. d7 Bxd7 19. Nc5 Ne5 20. Be2 Bc6
0-1